00870 2200289 4500001002100000005001500021035002000036007000300056008004100059020002200100082001100122084001800133100003800151245013100189250001000320260003400330300002700364650002800391700001900419700001800438700001600456520003000472520001300502520004300515990001100558990001100569INLIS00000000000343220190520085043 a0010-0519000024ta190520 g 0 ind  a978-602-6579-08-9 a297.21 a297.21 UMA k0 aUMAR, Sulaiman Abdullah Al-Asyqar1 aKisah-kisah Nubuat dari Nabi /cUmar Sulaiman Abdullah Al-Asyqar; alih bahasa, Umar Mujtahid; editor, Arif Mahmudi, Yasir Amri acet.1 aCipayung :bUmmul Qura,c2017 axxi, 446 hlm. ;c25 cm 4aISLAM.KISAH-KISAH HADIS0 aUMAR, Mujtahid0 aARIF, Mahmudi0 aYASIR, Amri aBibliografi: hlm. 444-446 aBonus CD ajudul asli: Shahihul Qashash an-nabawy a6616 a a6616 b